000 00843nam a2200217Ia 4500
003 GCL
008 140319s9999 xx 000 0 ara d
040 _aGCL /
_cGCL
082 0 4 _a415.1
_bم ب
100 1 _aمحمود عكاشة
245 1 0 _aالبناء الصرفى فى الخطاب المعاصر :
_bدراسة فى الخطاب السياسى والخطاب الاعلامى واثرهما فى ابنية اللغة /
_cمحمود عكاشة
250 _aالاولى
260 _aالقاهرة :
_bمكتبة الانجلوالمصرية ،
_c2005
300 _a132ص ؛
_c24سم
650 0 4 _aاللغة العربية - النحو
650 0 4 _aالنحو - الصرف
650 0 4 _aالخطب السياسية
650 0 4 _aالخطاب الاعلامى
650 0 4 _aالخطاب السياسى
942 _2ddc
_cBK
999 _c58736
_d58736